• 首页
  • 本馆介绍
  • 公告通知
  • 最新文献
  • 馆藏检索
  • 电子资源
  • 读者导购
  • 参考咨询
  • 我的图书馆
  • 登录
  • 详细信息显示
  • 放入我的书架
  • 预约/预借图书
  • 作者相关作品
  • 分类相关作品
  • 丛书相关作品
  • 出版社相关作品

书目信息

  • 表格格式
  • 工作单格式
  • 卡片格式
题名:
中西医结合执业医师执业助理医师2001年医师资格考试大纲
    
 
作者: 卫生部医师资格考试委员会制订
分册:  
出版信息: 北京   中国中医药出版社  2001
页数: 200页
开本: 26cm
丛书名:
单 册:
中图分类: H192.3-41
科图分类:
主题词: 汉语--语言教学
电子资源:
ISBN: 7-80156-171-6
000 00795nam0 2200205 450
001 0765688759
005 20070620112939.40
010    @a7-80156-171-6@dCNY25.00
100    @a20070619d2001 km y0chiy0120 ea
101 0  @achi
102    @aCN@b110000
102    @aCN
200 1  @a中西医结合执业医师执业助理医师2001年医师资格考试大纲@Azhong xi yi jie he zhi ye yi shi zhi ye zhu li yi shi 2001 nian yi shi zi ge kao shi da gang@f卫生部医师资格考试委员会制订@Fwei sheng bu yi shi zi ge kao shi wei yuan hui zhi ding
210    @a北京@c中国中医药出版社@d2001
215    @a200页@d26cm
606 0  @a汉语@x语言教学
690    @aH192.3-41@v3
701  0 @a卫生部医师资格考试委员会制订@Awei sheng bu yi shi zi ge kao shi wei yuan hui zhi ding
801  0 @aCN@bPFT@c20070620
905    @a10447@dH192.3-41@e246
    
    中西医结合执业医师执业助理医师2001年医师资格考试大纲/卫生部医师资格考试委员会制订.-北京:中国中医药出版社,2001
    200页;26cm
    
    
    ISBN 7-80156-171-6:CNY25.00
    
●
相关链接 在E读中查询图书 在五车中查询图书 在当当中查询图书 在豆瓣中查询图书


正题名:中西医结合执业医师执业助理医师2001年医师资格考试大纲     索取号:H192.3-41/246         预约/预借

序号 登录号 条形码 馆藏地/架位号 状态 备注
1 0654053   206540536   第二样本阅览室/ [索取号:H192.3-41/246] 在馆    
唐山师范学院图书馆 欢迎您!
大连网信软件有限公司© 版权所有